[Event "Dieren op"]
[Site "Dieren"]
[Date "2005.08.03"]
[Round "8"]
[White "Swinkels, Jos"]
[Black "Markus, Aernout"]
[Result "1-0"]
[WhiteElo "2046"]
[BlackElo "2138"]
[PlyCount "39"]
[EventDate "2005.07.26"]
[EventType "swiss"]
[EventRounds "9"]
[EventCountry "NED"]
[SourceTitle "CBM 107 Extra"]
[Source "ChessBase"]
[SourceDate "2005.09.01"]
[SourceVersion "1"]
[SourceVersionDate "2005.09.01"]
[SourceQuality "1"]

1. e4 e5 2. Nf3 Nc6 3. d4 exd4 4. Nxd4 Qh4 5. Nc3 Bb4 6. Ndb5 Qxe4+ 7. Be2 Bxc3+ 8. bxc3 Kd8 9. 0-0 Nge7 10. Bd3 Qh4 11. Re1 d6 12. Re4 Qf6 13. Rf4 Qe6 14. Be3 Ng6 15. Bc4 Qe5 16. Rxf7 Be6 17. Bxe6 Qxe6 18. Rxc7 Nge7 19. Rxb7 Nf5 20. Bg5+ 1-0

[Event "Le Touquet op 19th"]
[Site "Le Touquet"]
[Date "2004.10.25"]
[Round "1"]
[White "Swinkels, Jos"]
[Black "Houdart, David"]
[Result "1-0"]
[WhiteElo "2034"]
[BlackElo "2236"]
[PlyCount "27"]
[EventDate "2004.10.25"]
[EventType "swiss"]
[EventRounds "9"]
[EventCountry "FRA"]
[SourceTitle "EXT 2005"]
[Source "ChessBase"]
[SourceDate "2004.11.15"]
[SourceVersion "1"]
[SourceVersionDate "2004.11.15"]
[SourceQuality "1"]

1. e4 e5 2. Nf3 Nc6 3. d4 exd4 4. Nxd4 Bc5 5. Be3 Qf6 6. Nb5 Bxe3 7. fxe3 Qd8 8. Qg4 g6 9. Qf4 d6 10. Bc4 Ne5 11. 0-0 Qe7 12. N1c3 c6 13. Bxf7+ Kd8 14. Nxd6 1-0

[Event "Vlissingen HZ op 08th"]
[Site "Vlissingen"]
[Date "2004.08.10"]
[Round "5"]
[White "Swinkels, Jos"]
[Black "Haak, Eelco"]
[Result "0-1"]
[WhiteElo "2053"]
[BlackElo "2214"]
[PlyCount "58"]
[EventDate "2004.08.07"]
[EventType "swiss"]
[EventRounds "9"]
[EventCountry "NED"]
[SourceTitle "CBM 101 Extra"]
[Source "ChessBase"]
[SourceDate "2004.09.01"]
[SourceVersion "2"]
[SourceVersionDate "2004.09.01"]
[SourceQuality "1"]

1. e4 e6 2. d4 d5 3. Nc3 Bb4 4. e5 c5 5. a3 Bxc3+ 6. bxc3 Ne7 7. Qg4 cxd4 8. Qxg7 Rg8 9. Qxh7 Qc7 10. Bd2 dxc3 11. Bf4 Nbc6 12. Nf3 Bd7 13. Qd3 Rg4 14. g3 Ng6 15. h3 Ncxe5 16. Nxe5 Nxe5 17. Qe2 Rxf4 18. gxf4 Ng6 19. f5 Nf4 20. Qg4 Qe5+ 21. Kd1 Ba4 22. Bb5+ Bxb5 23. Qg8+ Ke7 24. Qxa8 Ba4 25. Qxb7+ Kf6 26. Ra2 Nd3 27. Qxa7 Qf4 28. Qe3 Nxf2+ 29. Ke2 Bb5+ 0-1

[Event "Arco op 25th"]
[Site "Arco"]
[Date "2003.10.25"]
[Round "8"]
[White "Blasco, Domenico"]
[Black "Swinkels, Jos"]
[Result "0-1"]
[WhiteElo "2040"]
[BlackElo "1991"]
[PlyCount "101"]
[EventDate "2003.10.18"]
[EventType "swiss"]
[EventRounds "9"]
[EventCountry "ITA"]
[SourceTitle "EXT 2004"]
[Source "ChessBase"]
[SourceDate "2003.11.25"]
[SourceVersion "1"]
[SourceVersionDate "2003.11.25"]
[SourceQuality "1"]

1. Nf3 Nf6 2. g3 d5 3. Bg2 c5 4. 0-0 Nc6 5. d3 e6 6. Nbd2 Be7 7. e4 0-0 8. e5 Nd7 9. Re1 Qc7 10. Qe2 Re8 11. Nf1 f6 12. exf6 Bxf6 13. Ne3 Nde5 14. Nxe5 Nxe5 15. f4 Ng6 16. Nxd5 Bd4+ 17. Kh1 Qf7 18. c3 Rd8 19. cxd4 exd5 20. dxc5 Bf5 21. Be3 Qd7 22. d4 Re8 23. Qd2 Be4 24. Bf2 Bxg2+ 25. Kxg2 Qg4 26. Qd1 Nxf4+ 27. Kh1 Nh3 28. Bg1 Rxe1 29. Qxg4 Rxg1+ 30. Rxg1 Nf2+ 31. Kg2 Nxg4 32. b4 Kf7 33. h3 Nf6 34. Kf3 Ke7 35. Kf4 Kd7 36. g4 Re8 37. Rd1 Re4+ 38. Kf3 h6 39. b5 b6 40. Rd3 Kc7 41. Ra3 Kb8 42. c6 Ne8 43. Rd3 Nc7 44. a4 a6 45. bxa6 Nxa6 46. h4 Kc7 47. h5 Nb4 48. Re3 Rxe3+ 49. Kxe3 Nxc6 50. Kf4 Kd7 51. Kf5 0-1

[Event "Arco op 25th"]
[Site "Arco"]
[Date "2003.10.21"]
[Round "4"]
[White "Vink, Wim"]
[Black "Swinkels, Jos"]
[Result "1/2-1/2"]
[WhiteElo "2142"]
[BlackElo "1991"]
[PlyCount "37"]
[EventDate "2003.10.18"]
[EventType "swiss"]
[EventRounds "9"]
[EventCountry "ITA"]
[SourceTitle "EXT 2004"]
[Source "ChessBase"]
[SourceDate "2003.11.25"]
[SourceVersion "1"]
[SourceVersionDate "2003.11.25"]
[SourceQuality "1"]

1. d4 Nf6 2. Nf3 e6 3. c4 b6 4. Nc3 Bb7 5. a3 Be7 6. Qc2 d5 7. cxd5 exd5 8. Bg5 Nbd7 9. e3 0-0 10. Be2 c5 11. 0-0 Rc8 12. dxc5 Nxc5 13. Qf5 g6 14. Qe5 Ncd7 15. Qf4 Ne4 16. Nxe4 dxe4 17. Bxe7 Qxe7 18. Nd4 Qe5 19. Qxe5 1/2-1/2

[Event "Arco op 25th"]
[Site "Arco"]
[Date "2003.10.18"]
[Round "1"]
[White "Swinkels, Jos"]
[Black "Luciani, Carlo"]
[Result "1-0"]
[WhiteElo "1991"]
[BlackElo "2233"]
[PlyCount "135"]
[EventDate "2003.10.18"]
[EventType "swiss"]
[EventRounds "9"]
[EventCountry "ITA"]
[SourceTitle "EXT 2004"]
[Source "ChessBase"]
[SourceDate "2003.11.25"]
[SourceVersion "1"]
[SourceVersionDate "2003.11.25"]
[SourceQuality "1"]

1. e4 e5 2. Nf3 Nc6 3. d4 exd4 4. Nxd4 Qf6 5. Nxc6 Bc5 6. Qd2 bxc6 7. Nc3 Ne7 8. Bd3 Ng6 9. 0-0 0-0 10. Qg5 Bd4 11. Qxf6 Bxf6 12. Be3 Ne5 13. Be2 d6 14. Rad1 Be6 15. b3 a5 16. h3 Rfb8 17. Bd2 Nd7 18. f4 Nc5 19. Bf3 Bc8 20. e5 dxe5 21. fxe5 Bxe5 22. Bxc6 Bb7 23. Bxb7 Rxb7 24. Be3 Na6 25. Nd5 Bd6 26. a4 Nc5 27. Rf3 Ne6 28. Rdf1 f6 29. h4 Rab8 30. Rd1 Bf8 31. Kf1 c6 32. Nf4 Nxf4 33. Bxf4 Re8 34. Rfd3 Bb4 35. Rd8 Kf7 36. Rxe8 Kxe8 37. Rd3 h5 38. Bd6 g5 39. hxg5 fxg5 40. Re3+ Kf7 41. Bxb4 axb4 42. Re5 Kf6 43. Rc5 Rc7 44. Kf2 Kg6 45. g3 Rf7+ 46. Kg2 Rc7 47. a5 Rc8 48. a6 Rc7 49. c3 bxc3 50. Rxc3 Kf5 51. b4 Rd7 52. Rxc6 Rd2+ 53. Kf3 Rd3+ 54. Kf2 Kg4 55. Rc5 h4 56. gxh4 Kxh4 57. a7 Rd2+ 58. Ke3 Rd8 59. b5 g4 60. Rc7 Re8+ 61. Kf4 Rf8+ 62. Ke5 g3 63. Rh7+ Kg4 64. Rg7+ Kh3 65. b6 Ra8 66. Kd6 g2 67. Kc6 Rf8 68. Rxg2 1-0

[Event "Geraardsbergen op"]
[Site "Geraardsbergen"]
[Date "2003.08.15"]
[Round "1"]
[White "Swinkels, Jos"]
[Black "De Sloovere, Michael"]
[Result "1/2-1/2"]
[WhiteElo "1976"]
[BlackElo "1454"]
[PlyCount "65"]
[EventDate "2003.08.??"]
[EventType "swiss"]
[EventRounds "7"]
[EventCountry "BEL"]
[SourceTitle "EXT 2005"]
[Source "ChessBase"]
[SourceDate "2004.11.15"]
[SourceVersion "1"]
[SourceVersionDate "2004.11.15"]
[SourceQuality "1"]

1. e4 e5 2. Nf3 Nc6 3. d4 exd4 4. Nxd4 Bc5 5. Nxc6 Qf6 6. Qd2 dxc6 7. Bd3 Nh6 8. 0-0 Ng4 9. Qf4 Bd4 10. c3 Be5 11. Qxf6 Bxf6 12. f4 Be7 13. b4 a5 14. h3 Nf6 15. Bd2 axb4 16. cxb4 Be6 17. a3 Bb3 18. e5 Nd5 19. Nc3 Nxc3 20. Bxc3 0-0 21. Be4 Bd5 22. Bc2 Rfd8 23. Kh2 b5 24. f5 c5 25. g3 cxb4 26. axb4 Bc4 27. Rfe1 c5 28. f6 gxf6 29. exf6 Bf8 30. bxc5 Rxa1 31. Rxa1 Bxc5 32. Rd1 Rxd1 33. Bxd1 1/2-1/2

[Event "Ghent 24th"]
[Site "Ghent"]
[Date "2001.07.16"]
[Round "6"]
[White "Werbeck, Torsten"]
[Black "Swinkels, Jos"]
[Result "1-0"]
[WhiteElo "2256"]
[BlackElo "1914"]
[PlyCount "73"]
[EventDate "2001.07.14"]
[EventType "swiss"]
[EventRounds "9"]
[EventCountry "BEL"]
[SourceTitle "EXT 2006"]
[Source "ChessBase"]
[SourceDate "2005.11.24"]
[SourceVersion "1"]
[SourceVersionDate "2005.11.24"]
[SourceQuality "1"]

1. d4 Nf6 2. Nf3 e6 3. c4 b6 4. g3 Bb7 5. Bg2 Be7 6. 0-0 0-0 7. d5 d6 8. Nc3 e5 9. e4 Bc8 10. Ne1 a5 11. b3 Na6 12. a3 Bd7 13. f3 h6 14. Be3 Kh7 15. Nd3 g5 16. b4 Rg8 17. bxa5 bxa5 18. c5 Qc8 19. g4 Qf8 20. c6 Bc8 21. Ne2 Nxg4 22. fxg4 Bxg4 23. Qd2 Qg7 24. Ng3 Raf8 25. Qxa5 Ra8 26. Qc3 Qg6 27. Nb4 h5 28. Nf5 Bd8 29. Nxa6 Rxa6 30. Qd3 Ra8 31. a4 h4 32. a5 Bh5 33. Bf2 Bf6 34. a6 h3 35. Bxh3 g4 36. Bg2 Rh8 37. Bg3 1-0